Anglo-Saxon Britain in 30 seconds - Statistics

General Stats
  • This quiz has been taken 99 times
  • The average score is 4 of 8
Answer Stats
Reference Answer % Correct
United England in 300 years time Wessex
78%
The Closest to Continental Europe, Anglo-Saxon England's first Kingdom, the only Jute-ruled part. Kent
76%
Was home to the South Saxons, Hastings is here. Sussex
68%
Controlled Middlesex, Was home to the East Saxons Essex
60%
Home to the East Angles East Anglia
46%
Located in modern-day Midlands. Mercia
35%
Was the first Anglo-Saxon nation to be invaded by vikings. Nothern-most anglo-saxon kingdom Northumbria
27%
Also called the five boroughs, would not be included in the future Heptarchy Lindsey
5%
No matching quizzes found
Score Distribution
Percent of People with Each Score
Percentile by Number Answered
Your Score History
You have not taken this quiz